000
00210 a2200109 4500
020
_a
9789582409845
041
_a
spa
100
_a
Santillana
245
_a
Amigos de la Naturaleza
942
_c
BK
952
_7
1
999
_c
23838
_d
23838